00927nam a2200193Ia 4500008004100000020001500041041001200056082001600068100001800084245005200102260002500154300000800179650000800187942000700195999001500202952017200217952017200389952017200561221030s9999 xx 000 0 und d a0070579091 aEnglish a105.23bSko aM. I. Skolnik 0aIntroduction to Radar Systemscby M. I. Skolnik bPHIaNew Delhic2000 a581 aECE cBK c6842d6842 pBE 2438g260.00l0o105.23 Skor2024-06-13 00:00:00w2022-10-30yBK003Print4070aMIETLIBbMIETLIBcBL-Academic Block- A, FL-1, CUP-10, SH-5, R-5d2001-01-2410HBE pBE 2439g260.00l0o105.23 Skor2024-06-13 00:00:00w2022-10-30yBK003Print4070aMIETLIBbMIETLIBcBL-Academic Block- A, FL-1, CUP-10, SH-5, R-5d2001-01-0410HBE pBE 6171g275.00l0o105.23 Skor2024-06-13 00:00:00w2022-10-30yBK003Print4070aMIETLIBbMIETLIBcBL-Academic Block- C, FL-2, CUP-10, SH-5, R-5d2002-12-1710HBE